| 000 | 00000nas##2200000za#4500 |
| 001 | 9.503567 |
| 003 | CaOODSP |
| 005 | 20200325093515 |
| 007 | cr ||||||||||| |
| 008 | 150406c2012||||xxc|| p o||||f| |0fre|d |
| 040 | |aCaOODSP|bfre |
| 043 | |an-cn--- |
| 086 | 1 |aCH36-1/4F-PDF |
| 110 | 1 |aCanada.|bPatrimoine canadien. |bDirection de la participation des citoyens. |
| 245 | 10|aProgramme Échanges Canada - Forums jeunesse Canada, lignes directrices et formulaires de demande |h[ressource électronique] |
| 260 | |aOttawa - Ontario : |bPatrimoine canadien. |
| 310 | |aAnnuel |
| 362 | 1 |a2012-- |
| 775 | 08|tExchanges Canada Program - Youth Forums Canada, guidelines and application forms |w(CaOODSP)9.507177 |